00393nam a2200145Ia 4500008004100000020001800041041000800059082001500067100002900082245007300111250000600184260003500190300000800225650001400233210716s2007 xx 000 0 und d a9780615143057 aeng a658.8 MASO aMascarenhas, Oswald A J. aResponsible marketing concepts theories models strategies and cases. a1 aUSAbRoval Publishing Coc2007 a591 aMarketing